Exam Booster with answer key - Cambridge English (Record no. 177150)

MARC details
000 -LEADER
fixed length control field 00381nam a22001697a 4500
005 - DATE AND TIME OF LATEST TRANSACTION
control field 20260410094813.0
020 ## - INTERNATIONAL STANDARD BOOK NUMBER
ISBN 9781316648438
041 ## - LANGUAGE CODE
Language code of text/sound track or separate title English
082 ## - DEWEY DECIMAL CLASSIFICATION NUMBER
Classification number 001 Q17 CHI
100 ## - MAIN ENTRY--AUTHOR NAME
Personal name Chilton Helen
245 ## - TITLE STATEMENT
Title Exam Booster with answer key - Cambridge English
250 ## - EDITION STATEMENT
Edition statement 01
260 ## - PUBLICATION, DISTRIBUTION, ETC. (IMPRINT)
Place of publication UK
Name of publisher Cambridge
Year of publication 2017
300 ## - PHYSICAL DESCRIPTION
Number of Pages 150
365 ## - TRADE PRICE
Price amount 550.00
942 ## - ADDED ENTRY ELEMENTS (KOHA)
Koha item type Books
Holdings
Withdrawn status Lost status Home library Current library Date acquired Cost, normal purchase price Full call number Accession Number Cost, replacement price Department Koha item type
    PSG-CAS LIBRARY PSG-CAS LIBRARY 10/04/2026 550.00 001 Q17 CHI 153592 550.00 General Books

Contact Us:

PSGCAS LIBRARY
Phone: 04224303300
Website: http://www.psgcas.ac.in/ | Email: psgcaslib@gmail.com


You are Visitor Number

web counter